Music Quiz

Random Music or Lyrics Quiz

We Didn't Start the Fire Quiz Stats

 Plays Quiz Updated Jun 20, 2018

Score 0/120 Timer 15:00
10 Plays Today
% Correct
Marilyn Monroe
76.9%
Doris Day
75%
Richard Nixon
74.2%
Harry Truman
73.8%
Red China
72%
Joe DiMaggio
71.7%
Johnnie Ray
70%
North Korea
68.2%
South Korea
67.9%
television
64.9%
JFK
63.8%
South Pacific
63.5%
Studebaker
59.8%
The Catcher in the Rye
54.7%
Eisenhower
54.6%
England's got a new queen
54.4%
Joe McCarthy
52.6%
Elvis Presley
52.4%
Disneyland
51.9%
James Dean
50.9%
Brooklyn's got a winning team
50.8%
H-bomb
50.7%
The King and I
49.4%
Kennedy
48.5%
Peter Pan
47.4%
Rock and roller cola wars
47.3%
trouble in the Suez
47.2%
Walter Winchell
46.6%
AIDS
46.6%
Rock Around the Clock
46.3%
Watergate
46.2%
Berlin
44.8%
vaccine
44.8%
Sugar Ray
44.6%
Belgians in the Congo
44.3%
Einstein
44%
Budapest
43.6%
Reagan
43.4%
Communist Bloc
43.4%
punk rock
43.3%
% Correct
Russians in Afghanistan
43.2%
crack
43.1%
Richard Nixon back again
43%
Joseph Stalin
42.9%
British politician sex
42.6%
terror on the airline
42.5%
Bay of Pigs invasion
42.5%
Castro
42.2%
Alabama
42.1%
Mafia
41.6%
Woodstock
41.6%
heavy metal suicide
41.4%
British Beatlemania
41.3%
space monkey
41.3%
Psycho
41.2%
Sally Ride
40.7%
California baseball
40.7%
Rosenbergs
40.7%
Hula hoops
40.3%
Buddy Holly
40.1%
Liberace
40%
Brando
39.8%
Princess Grace
39.8%
Palestine
39%
Wheel of Fortune
38.9%
Ben Hur
38.7%
Malcolm X
38.7%
Sputnik
38.4%
Chubby Checker
38.3%
Davy Crockett
38.1%
Bridge on the River Kwai
36.5%
John Glenn
36.6%
Lawrence of Arabia
36.5%
homeless vets
35.9%
China's under martial law
35.8%
U-2
35.5%
Mickey Mantle
35%
Little Rock
34.9%
children of thalidomide
34.2%
Pope Paul
34.1%
% Correct
Santayana goodbye
33.9%
Stranger in a Strange Land
33.4%
Marciano
33%
Ho Chi Minh
33%
Rockefeller
32.9%
Moonshot
32.8%
homicide
32.6%
Peyton Place
32.3%
Ayatollah's in Iran
32.3%
Edsel is a no-go
32%
Birth control
32%
Bernie Goetz
31.3%
Khrushchev
30.9%
Ole Miss
30.9%
Dylan
30.8%
Bardot
30.7%
Hemingway
29.8%
Begin
29.5%
Lebanon
29.5%
Nasser
29.4%
Panmunjom
29%
Foreign debts
28.9%
Juan Peron
28.7%
Kerouac
28.3%
Campanella
28.1%
dacron
28%
payola
27.9%
Hypodermics on the shores
27.8%
Charles de Gaulle
27.7%
Dien Bien Phu falls
27.5%
Starkweather
27%
Roy Cohn
26.6%
Prokofiev
26.5%
Liston beats Patterson
26.4%
Malenkov
26.3%
Eichmann
25.6%
Toscanini
24.5%
Pasternak
23.9%
Chou En-Lai
20.7%
Syngman Rhee
19.1%

You're not logged in!

Compare scores with friends on all Sporcle quizzes.
OR
Log In

You Might Also Like...

Show Comments

Extras

Top Quizzes Today


Score Distribution

Your Account Isn't Verified!

In order to create a playlist on Sporcle, you need to verify the email address you used during registration. Go to your Sporcle Settings to finish the process.

Report this User

Report this user for behavior that violates our Community Guidelines.

Details: